X/OPEN Portability Guide : System V Specification Supplementary Definitions

Guardado en:
Detalles Bibliográficos
Formato: Libro
Lenguaje:inglés
Publicado: Amsterdam : Elsevier, 1987
Materias:
Etiquetas: Agregar Etiqueta
Sin Etiquetas, Sea el primero en etiquetar este registro!

MARC

LEADER 00000nam a22000003a 4500
001 stu44706
005 20150408180228.4
008 950531s1987----ne------------------eng-d
020 |a 0-444-70176-1 
040 |a STU  |b slo 
041 0 |a eng 
044 |a ne 
080 |a 681.3.06 
080 |a 519.68 
245 |a X/OPEN Portability Guide :  |b System V Specification Supplementary Definitions 
260 |a Amsterdam :  |b Elsevier,  |c 1987 
300 |a Nestr 
650 7 |a programovanie  |2 stusub 
996 |b 284M025972  |c M*9228/3-1  |l MMKN  |s A  |a 24  |w stu44706_0001